Rheinbahnnetz Stadt- und Straßenbahn Düsseldorf Rheintakt - Statistiken

Allgemein
  • Dieses Quiz wurde 75 mal gespielt
  • Das Durchschnittsergebnis liegt bei 227 aus 478
Antwortstatistiken
Stadt Linie Station % Korrekt
Düsseldorf U70 | U73 | U83 Heinrich-Heine-Allee/ Altstadt&Königsallee U
94%
Düsseldorf U71 | U72 | U75 | +4 others Heinrich-Heine-Allee/ Altstadt&Königsallee U
94%
Düsseldorf U71 | U72 | U73 | U83 Bilk S
91%
Düsseldorf U72 Benrath S
84%
Düsseldorf 707 Charlottenstraße/Oststraße U
84%
Düsseldorf 704 | 707 | 708 | +7 others Düsseldorf Hbf S U
84%
Düsseldorf 701 | U71 Rath S
84%
Düsseldorf U71 | U72 | U73 | U83 Wehrhahn S
84%
Düsseldorf U71 | U72 | U73 | U83 Kirchplatz U
81%
Düsseldorf 701 | U76 | U79 Oberbilk S U
81%
Düsseldorf U70 | U75 | U76 | +3 others Oststraße U
81%
Düsseldorf 704 | U71 | U72 | +2 others Pempelforter Straße U
81%
Düsseldorf U70 | U78 Steinstraße/ Königsallee U
81%
Düsseldorf 701 | 705 | 706 | +4 others Steinstraße/Königsallee U
81%
Düsseldorf 701 Derendorf S
78%
Düsseldorf U73 Gerresheim S
78%
Düsseldorf 706 | 708 | 709 | +4 others Graf-Adolf-Platz U
78%
Düsseldorf 701 | 705 | U78 | U79 Nordstraße U
78%
Düsseldorf 701 | 705 | 706 | +4 others Schadowstraße U
75%
Düsseldorf U73 | U79 Universität Ost/Botanischer Garten
75%
Düsseldorf U70 | U75 | U76 | U77 Belsenplatz
72%
Düsseldorf U71 | U72 | U73 | U83 Benrather Straße U
72%
Düsseldorf 706 | 709 Flingern S
72%
Düsseldorf U75 Handelszentrum/Moskauer Straße U
72%
Düsseldorf U77 Handelszentrum/ Moskauer Straße U
72%
Krefeld U70 | U76 Krefeld Hbf
72%
Düsseldorf U70 | U76 Lörick
72%
Düsseldorf U75 | U76 | U77 Luegplatz
72%
Düsseldorf 701 Rather Straße/Hochschule HSD
72%
Düsseldorf 704 Rather Straße/ Hochschule HSD
72%
Düsseldorf 708 | U71 | U72 | +2 others Uhlandstraße
72%
Düsseldorf U72 | U76 | U79 Werstener Dorfstraße
72%
Düsseldorf U75 | U76 | U77 Barbarossaplatz
69%
Düsseldorf U78 ERGO-Platz/Klever Straße U
69%
Düsseldorf U79 ERGO-Platz/ Klever Straße U
69%
Düsseldorf 706 | U75 | U77 Kettwiger Straße U
69%
Neuss 709 | U75 Neuss Hbf S
69%
Düsseldorf U70 | U75 | U76 | U77 Tonhalle/Ehrenhof
69%
Düsseldorf 704 | 706 | U72 | U73 Auf'm Hennekamp
66%
Meerbusch U70 | U76 Haus Meer
66%
Düsseldorf 706 | U72 | U73 | U83 Lindemannstraße
66%
Düsseldorf U76 | U79 Provinzialplatz
66%
Düsseldorf 709 | U72 | U73 | U83 Schlüterstraße/ Arbeitsagentur
66%
Düsseldorf 705 | 707 Unterrath S
66%
Düsseldorf 701 | U75 Vennhauser Allee
66%
Düsseldorf U79 Wittlaer
66%
Düsseldorf 706 Zoo S
66%
Duisburg U79 Duisburg Hbf
63%
Düsseldorf 701 | U75 Eller Mitte S
63%
Düsseldorf U76 | U79 Ellerstraße U
63%
Düsseldorf 706 Hamm S
63%
Düsseldorf 701 | 708 | U71 Heinrichstraße
63%
Düsseldorf U78 | U79 Kennedydamm
63%
Düsseldorf U78 MERKURSPIEL-ARENA/
Messe Nord
63%
Düsseldorf U78 | U79 Nordpark/Aquazoo
63%
Düsseldorf 706 | U76 | U79 Oberbilker Markt/Warschauer Straße U
63%
Düsseldorf 701 | U71 Rath Mitte S
63%
Ratingen U72 Ratingen Mitte
63%
Krefeld U70 | U76 Rheinstraße
63%
Düsseldorf 704 | U72 | U73 Universität Nord/Christophstraße
63%
Düsseldorf 701 | 705 | 706 | +2 others Berliner Allee
59%
Düsseldorf 707 Bilker Allee/ Friedrichstraße
59%
Düsseldorf U72 | U76 Holthausen
59%
Düsseldorf U79 Kaiserswerth,Klemensplatz
59%
Düsseldorf 704 | 705 | U72 | U73 Karolingerplatz
59%
Düsseldorf U72 | U73 | U79 Südpark
59%
Düsseldorf 704 | 708 | 709 Worringer Platz
59%
Neuss U75 Am Kaiser S
56%
Düsseldorf U72 Benrath Betriebshof
56%
Düsseldorf U76 | U79 Kaiserslauterner Straße
56%
Duisburg U79 Meiderich Bahnhof
56%
Düsseldorf U70 | U76 | U77 Prinzenallee
56%
Düsseldorf 704 | U72 | U73 Uni-Kliniken
56%
Düsseldorf 709 Völklinger Straße S
56%
Düsseldorf U77 Am Seestern
53%
Meerbusch U70 | U76 Büderich, Landsknecht
53%
Düsseldorf U78 | U79 Freiligrathplatz
53%
Düsseldorf U75 | U77 Lierenfeld Betriebshof
53%
Düsseldorf 701 PSD BANK DOME
53%
Düsseldorf U78 | U79 Theodor-Heuss-Brücke
53%
Düsseldorf 705 | 706 Am Steinberg
50%
Düsseldorf U76 | U77 Comenius-Gymnasium
50%
Düsseldorf U72 Schloss Benrath
50%
Düsseldorf 709 | U73 | U83 Staufenplatz
50%
Düsseldorf U71 | U83 Aachener Platz
47%
Krefeld U70 | U76 Dießem
47%
Düsseldorf 709 | U72 | U73 | U83 Engerstraße
47%
Düsseldorf 709 | U83 GerresheimKrankenhaus
47%
Düsseldorf U72 | U76 Ickerswarder Straße
47%
Düsseldorf U79 Lohausen
47%
Düsseldorf 707 Medienhafen,Kesselstraße
47%
Düsseldorf U78 Messe Ost/ Stockumer Kirchstraße
47%
Düsseldorf U79 Messe Ost/ Stockumer Kirchstraße
47%
Düsseldorf U75 | U77 Ronsdorfer Straße
47%
Düsseldorf 706 | 707 | 709 Bilker Kirche
44%
Düsseldorf 706 | 708 | U71 Brehmplatz
44%
Düsseldorf U72 | U76 Elbruchstraße
44%
Düsseldorf 706 | 708 Landtag/Kniebrücke
44%
Düsseldorf U76 Löricker Straße
44%
Düsseldorf U72 Oberrath
44%
Düsseldorf U72 Rather Waldstadion
44%
Düsseldorf 706 Stadtwerke/Düsselstrand
44%
Düsseldorf U71 | U83 Suitbertusstraße
44%
Düsseldorf U72 Vautierstraße
44%
Düsseldorf 706 Volksgarten S
44%
Düsseldorf 709 | U73 | U83 Auf der Hardt/ LVR-Klinikum
41%
Düsseldorf U73 Gerresheim Rathaus
41%
Düsseldorf U78 | U79 Golzheimer Platz
41%
Düsseldorf U75 Handweiser
41%
Düsseldorf U72 Niederheid
41%
Düsseldorf U72 | U76 Opladener Straße
41%
Düsseldorf 706 | 708 | 709 Poststraße
41%
Düsseldorf U78 | U79 Reeser Platz
41%
Düsseldorf 701 | U75 Schlesische Straße
41%
Düsseldorf U72 Schöne Aussicht
41%
Düsseldorf 701 | U75 Alt Eller
38%
Düsseldorf 705 Corneliusstraße
38%
Düsseldorf 701 | 705 | 707 Dreieck
38%
Meerbusch U76 Forsthaus
38%
Düsseldorf U79 Froschenteich
38%
Meerbusch U76 Görgesheide
38%
Düsseldorf U71 | U83 Hellriegelstraße
38%
Meerbusch U70 | U76 Hoterheide
38%
Düsseldorf 709 Landtag/Kniebrücke
38%
Düsseldorf U72 Mörsenbroicher Weg
38%
Düsseldorf 708 Polizeipräsidium
38%
Düsseldorf U72 Rather Broich
38%
Düsseldorf 706 | 708 | U71 Schillerplatz
38%
Düsseldorf U72 Urdenbacher Allee
38%
Düsseldorf 701 | U71 Am Schein
34%
Meerbusch U70 | U76 Bovert
34%
Krefeld U76 Fischeln
34%
Düsseldorf U72 Graf-Recke-Straße
34%
Krefeld U70 | U76 Grundend
34%
Düsseldorf U76 | U77 Heerdter Sandberg
34%
Düsseldorf U79 Kalkumer Schlossallee
34%
Düsseldorf 701 | 706 Kruppstraße
34%
Düsseldorf 706 | 707 Marienhospital
34%
Düsseldorf 705 | 706 Merowingerstraße
34%
Düsseldorf U75 Nikolaus-Knopp-Platz
34%
Düsseldorf U78 Sportpark Nord/ Europaplatz
34%
Düsseldorf 701 | 705 | 706 Sternstraße
34%
Düsseldorf 708 | 709 Stresemannplatz
34%
Düsseldorf 701 | 705 Venloer Straße
34%
Düsseldorf 701 Wahlerstraße/JVA
34%
Düsseldorf 708 | 709 Birkenstraße
31%
Düsseldorf 705 | 707 Essener Straße
31%
Ratingen U72 Europaring
31%
Düsseldorf 704 | 707 Fürstenplatz
31%
Düsseldorf 708 | U71 Hansaplatz
31%
Düsseldorf 705 | 706 Kopernikusstraße
31%
Düsseldorf 705 | 706 Merowingerplatz
31%
Düsseldorf 705 | 706 Moorenstraße
31%
Düsseldorf 709 Südfriedhof
31%
Düsseldorf U71 | U83 Südring
31%
Düsseldorf U71 | U83 Volmerswerther Straße
31%
Düsseldorf U72 Am Trippelsberg
28%
Düsseldorf 706 Fichtenstraße
28%
Düsseldorf U75 Heerdter Krankenhaus
28%
Düsseldorf 709 Hoffeldstraße
28%
Düsseldorf 707 Jacobistraße
28%
Düsseldorf U72 Kappeler Straße
28%
Krefeld U70 | U76 Königshof
28%
Düsseldorf 706 Lindenstraße
28%
Düsseldorf U76 Lohweg
28%
Düsseldorf 704 | 707 Mintropplatz
28%
Düsseldorf 707 Schloss Jägerhof
28%
Düsseldorf 705 | 707 Spichernplatz
28%
Düsseldorf 706 | 709 Stadttor
28%
Neuss 709 Theodor-Heuss-Platz
28%
Düsseldorf U75 Vogesenstraße
28%
Düsseldorf 706 | 707 Franziusstraße
25%
Düsseldorf 705 | 707 Großmarkt
25%
Düsseldorf U72 Hubertushain
25%
Düsseldorf 701 | 705 Luisenstraße
25%
Düsseldorf 704 Merziger Straße
25%
Düsseldorf 709 | U73 | U83 Pöhlenweg
25%
Düsseldorf 701 | U71 Rotdornstraße
25%
Neuss 709 Stadthalle/Museum
25%
Düsseldorf 701 | U75 Am Hackenbruch
22%
Düsseldorf 705 | 707 An der Piwipp
22%
Düsseldorf 701 DOME Am Hülserhof
22%
Duisburg U79 Duissern
22%
Düsseldorf 708 | U71 Grunerstraße
22%
Düsseldorf 701 | U75 Jägerstraße
22%
Düsseldorf 709 Josef-Kardinal-Frings-Brücke
22%
Duisburg U79 König-Heinrich-Platz
22%
Neuss 709 Markt
22%
Düsseldorf U78 Mörikestraße
22%
Düsseldorf U73 Morper Straße
22%
Düsseldorf 704 | 705 | 707 Morsestraße
22%
Neuss 709 Rheinpark-Center Süd
22%
Düsseldorf U79 Alte Landstraße
19%
Neuss U75 Blücherstraße
19%
Düsseldorf 705 | 707 Eckenerstraße
19%
Düsseldorf 704 | 705 Färberstraße
19%
Düsseldorf 701 Gangelplatz
19%
Düsseldorf 701 | U71 Haeselerstraße
19%
Düsseldorf 701 | 704 | 707 Helmholtzstraße
19%
Düsseldorf U72 Hirschweg
19%
Düsseldorf U79 Kittelbachstraße
19%
Neuss 709 Landestheater
19%
Düsseldorf 701 Münsterplatz
19%
Duisburg U79 Platanenhof
19%
Düsseldorf 706 Redinghovenstraße
19%
Düsseldorf U73 Schönaustraße
19%
Duisburg U79 Steinische Gasse
19%
Düsseldorf 704 | 706 Stockkampstraße
19%
Düsseldorf 704 Straßburger Straße
19%
Düsseldorf 705 | 707 Tannenstraße
19%
Düsseldorf 706 Tußmannstraße
19%
Ratingen U72 Weststraße
19%
Düsseldorf 709 Wetterstraße
19%
Düsseldorf 706 | 707 Wupperstraße
19%
Düsseldorf U75 Aldekerkstraße
16%
Düsseldorf U79 Am Mühlenacker
16%
Duisburg U79 Auf dem Damm
16%
Düsseldorf U73 Dörpfeldstraße
16%
Düsseldorf U75 Drususstraße
16%
Düsseldorf 706 Flügelstraße
16%
Düsseldorf 709 Georg-Schulhoff-Platz
16%
Duisburg U79 Grunewald
16%
Düsseldorf 706 Hammer Dorfstraße
16%
Düsseldorf U75 Heesenstraße
16%
Düsseldorf 705 | 707 Johannstraße
16%
Meerbusch U76 Kamperweg
16%
Düsseldorf 707 Klosterstraße
16%
Düsseldorf U71 | U83 Krahkampweg
16%
Düsseldorf 701 Sonnenstraße
16%
Düsseldorf 707 Speditionstraße
16%
Duisburg U79 St.-Anna-Krankenhaus
16%
Düsseldorf 704 St.-Vinzenz-Krankenhaus
16%
Düsseldorf U73 Vor der Hardt
16%
Duisburg U79 Waldfriedhof
16%
Düsseldorf 704 Adlerstraße
13%
Düsseldorf 704 Alter Schlachthof
13%
Düsseldorf 705 | 707 Elsässer Straße
13%
Ratingen U72 Felderhof
13%
Duisburg U79 Grunewald Betriebshof
13%
Duisburg U79 Im Schlenk
13%
Duisburg U79 Kesselsberg
13%
Düsseldorf 704 Lennéstraße
13%
Duisburg U79 Sittardsberg
13%
Düsseldorf U73 Von-Gahlen-Straße
13%
Düsseldorf 705 | 707 Am Röttchen
9%
Düsseldorf 701 Am Stufstock
9%
Ratingen U72 Gerhardstraße
9%
Neuss 709 Glockhammer
9%
Düsseldorf 709 | U83 Heinrich-Könn-Straße
9%
Düsseldorf 706 Hemmersbachweg
9%
Duisburg U79 Karl-Jarres-Straße
9%
Duisburg U79 Kremerstraße
9%
Duisburg U79 Kulturstraße
9%
Neuss 709 Langemarckstraße
9%
Duisburg U79 Mühlenkamp
9%
Duisburg U79 Münchener Straße
9%
Duisburg U79 Musfeldstraße
9%
Neuss 709 Niedertor
9%
Düsseldorf 704 Rochusmarkt
9%
Düsseldorf 706 Schumannstraße
9%
Düsseldorf U73 Friedingstraße
6%
Düsseldorf U73 Hardenbergstraße
6%
Düsseldorf 707 Kronprinzenstraße
6%
Keine übereinstimmenden Quizze gefunden
Verteilung der Resultate
Anzahl Personen mit jedem Resultat
Perzentil nach korrekt beantworteten Fragen
Ihre Resultats-Entwicklung
Sie haben dieses Quiz noch nicht gespielt